Finančné umiestnenie (investície) do finančných nástrojov podľa IFRS

Stručný pohľad na súčasné spôsoby vykazovania finančného umiestnenia aktív, ako aj na formy a metódy riadenia poistného a finančného rizika plynúceho z investovania finančných prostriedkov spravovaných poisťovňou.

Salvato in:
Dettagli Bibliografici
Autore principale: Meluchová, Jitka, 1965-
Natura: Capitolo di libro
Lingua:slovacco
Soggetti:
Tags: Aggiungi Tag
Nessun Tag, puoi essere il primo ad aggiungerne!!

MARC

LEADER 00000naa$a2200000$$$4500
001 0094812
005 20240502072045.0
041 0 |a slo 
044 |a SK 
245 1 0 |a Finančné umiestnenie (investície) do finančných nástrojov podľa IFRS  |c Jitka Meluchová 
520 |a Stručný pohľad na súčasné spôsoby vykazovania finančného umiestnenia aktív, ako aj na formy a metódy riadenia poistného a finančného rizika plynúceho z investovania finančných prostriedkov spravovaných poisťovňou. 
610 2 0 |a aktíva 
610 2 0 |a výkazy finančné 
610 2 0 |a riziko finančné 
610 2 0 |a riziko poistné 
610 2 0 |a riadenie 
610 2 0 |a metódy riadenia 
610 2 0 |a nástroje finančné 
610 2 0 |a investície finančné 
610 2 0 |a IFRS 
610 2 0 |a poisťovne 
100 1 |a Meluchová, Jitka, 1965-